Η τριλογία του φασισμού :
Αποθηκεύτηκε σε:
| Κύριος συγγραφέας: | |
|---|---|
| Άλλοι συγγραφείς: | , , |
| Μορφή: | Βιβλίο |
| Γλώσσα: | Greek Italian |
| Δημοσίευση: |
Αθήνα :
Κέδρος,
c2003.
|
| Θέματα: | |
| Ετικέτες: |
Προσθήκη ετικέτας
Δεν υπάρχουν, Καταχωρήστε ετικέτα πρώτοι!
|
MARC
| LEADER | 00000cam a2200000 a 4500 | ||
|---|---|---|---|
| 001 | 1/121473 | ||
| 008 | 200603s2003####gr | ||| |||| ||gre|| | ||
| 040 | |a GR-MyUa |b gre |c GR-MyUa |e AACR2 | ||
| 041 | 1 | |a gre |h ita | |
| 082 | 7 | |a 853 |2 (23) | |
| 100 | 1 | |a Lucarelli, Carlo, |d 1960- | |
| 245 | 1 | 2 | |a Η τριλογία του φασισμού : |c Carlo Lucarelli ; μετάφραση: Μαρία Σπυριδοπούλου, Τόνια Τσίτσιτσοβιτς ; εισαγωγή: Μαρία Σπυριδοπούλου ; επίμετρο: Δημήτρης Γιατζουζάκης. |
| 260 | |a Αθήνα : |b Κέδρος, |c c2003. | ||
| 300 | |a 445 σ. ; |c 22 εκ. | ||
| 500 | |a Τίτλοι πρωτοτύπων: Carta Bianca, L' estate torbida, Via delle Oche. | ||
| 500 | |a Περιέχει υποσημειώσεις. | ||
| 500 | |a Η τριλογία του φασισμού περιέχει τρία διαφορετικά βιβλία μεταξύ τους. Οι τίτλοι των βιβλίων είναι Εν λευκώ, Ένα μουντό καλοκαίρι, Το μπουρδέλο της οδού Όκε. | ||
| 505 | 8 | |a Εν λευκώ -- Ένα μουντό καλοκαίρι -- Το μπουρδέλο της οδού Όκε. | |
| 650 | 0 | |a Italian literature. | |
| 650 | 0 | |a Italian fiction. | |
| 650 | 0 | |a Detective and mystery stories, Italian. | |
| 700 | 1 | |a Σπυριδοπούλου, Μαρία, |e trlf |e aui | |
| 700 | 1 | |a Τσίτσοβιτς, Τόνια, |e trlf | |
| 700 | 1 | |a Γιατζουδάκης, Δημήτρης, |e aft | |
| 852 | |a INST |b RHODES |e 20200603 |h 853 LUC |p 005400041510 |q 005400041510 |t BK |y 0 | ||
| 920 | |a Δωρεά βιβλιοθήκης |y Ρόδος |z 2020-05 | ||
| 970 | |a Μαρία |b Κωτάκου |z 03-06-2020 | ||